000 00224nam a22000857a 4500
008 160708b xxu||||| |||| 00| 0 eng d
100 _92453
_aGandhi M
245 _aIndia Freedom's Battle
260 _aNew Delhi
_bMaanu Graphics
_c2013
999 _c2124
_d2124